000 00891nam a2200229 a 4500
001 BRCA_5769
005 20190320205216.0
008 080311s2001----mx-a######---#000-0#spa-#
020 _a9701806824
041 _aspa
044 _amx
050 4 _aTR365
_b.V35 2001
100 1 _aValdez Marín, Juan Carlos
_914636
245 1 0 _aManual de conservación fotográfica
_bguía de identificación de procesos y conservación, estabilización y restauración de procesos fotográficos de los siglos XIX y XX
_cJuan Carlos Valdez Marín.
260 _aMéxico
_bINAH
_creimp. 2001
300 _a146 p.
_bil.
_c19 cm.
500 _aIncluye glosario y formulario
504 _aBibliografía: p. 141-146
650 1 4 _aFotografía
_vManuales
_xConservación y restauración
_ySiglo XIX-XX
_914637
650 1 4 _aFotografía
_vGuías
_xConservación y restauración
_ySiglo XIX-XX
_914638
942 _2lcc
_cB
999 _c5458
_d5458